000
00320nam a22001337a 4500
008
171003b xxu||||| |||| 00| 0 eng d
020
_a
0898626234
041
_a
eng
080
_a
15939
100
_a
48
101
_a
PSI
245
_a
SOCIAL COGNITIVE DEVELOPMENT IN CONTEXT
_c
SERAFICA.F.C
942
_2
udc
_c
BK
999
_c
31472
_d
31472